| 000 | 00706nam a22002050 4500 | ||
|---|---|---|---|
| 001 | ocn9711019086 | ||
| 003 | PILC | ||
| 005 | 20160404140520.0 | ||
| 008 | 030809s ph 000 0 eng d | ||
| 020 | _a9711019086 | ||
| 050 | 0 | 0 |
_aQK 99.P6 _b.L251 1989 |
| 100 | 1 | _aLadion, Herminia de Guzman. | |
| 245 | 1 | 4 |
_aMga halaman-kahangahangang pampagaling : _bgabay sa mabisang paggamit ng mga halamang gamot / _cni Herminia de Guzman-Ladion. |
| 260 |
_aManila : _bPhilippine Pub. House, _c1989. |
||
| 300 |
_a157 pages : _bcolor illustrations ; _c24 cm. |
||
| 650 | 0 |
_aBotany, Medical _zPhilippines. |
|
| 650 | 0 |
_aMedicinal plants _xTherapeutic use. |
|
| 650 | 0 |
_aHerbs _xTherapeutic use. |
|
| 942 |
_2lcc _cBK |
||
| 999 |
_c293349 _d293349 |
||